| 000 | 00702nam a2200229Ia 4500 | ||
|---|---|---|---|
| 003 | GCL | ||
| 008 | 140319s9999 xx 000 0 ara d | ||
| 040 |
_aGCL / _cGCL |
||
| 082 | 0 | 4 |
_aق _b069.0962 _bو م |
| 100 | 1 | _aوزارة المعارف العمومية | |
| 245 | 1 | 0 |
_aمتحف الحضارة المصرية / _cوزارة المعارف العمومية |
| 700 | 1 | _aابتسام صديق ابو الخير | |
| 260 |
_a[S.N] : _bالمطبعة الاميرية ، _c1950 |
||
| 300 | _a243 ص | ||
| 490 | _a | ||
| 650 | 0 | 4 | _aمصر |
| 650 | 0 | 4 | _aالمتحف المصرى |
| 650 | 0 | 4 | _aالمتاحف |
| 650 | 0 | 4 | _aالمتحف |
| 650 | 0 | 4 | _aالمتاحف - مصر |
| 942 |
_2ddc _cBK |
||
| 999 |
_c54400 _d54400 |
||